Flugzeugflotten Teil 10-Singapore Airlines - Statistiken

Allgemein
  • Dieses Quiz wurde 121 mal gespielt
    39 seit der letzten Aktualisierung
  • Das Durchschnittsergebnis liegt bei 6 aus 7
Antwortstatistiken
Anzahl Flugzeugtyp % Korrekt
12 Airbus A380-800
100%
56 Airbus A350-900
96%
23 Boeing 777-300ER
92%
22 Boeing 787-10
83%
7 Boeing 737-800
75%
16 Boeing 737 MAX 8
67%
7 Airbus A350-900ULR
46%
Keine übereinstimmenden Quizze gefunden
Verteilung der Resultate
Anzahl Personen mit jedem Resultat
Perzentil nach korrekt beantworteten Fragen
Ihre Resultats-Entwicklung
Sie haben dieses Quiz seit der letzten Aktualisierung nicht gespielt